<?xml version="1.0" encoding="UTF-8"?>
<collection xmlns="http://www.loc.gov/MARC21/slim">
 <record>
  <leader>07770nam a2200481 a 4500</leader>
  <controlfield tag="001">kal3472</controlfield>
  <controlfield tag="003">Gr-AtHEAL</controlfield>
  <controlfield tag="005">20160427140813.0</controlfield>
  <controlfield tag="006">m        d        </controlfield>
  <controlfield tag="008">160413s2015    gr      s           gre|c</controlfield>
  <datafield tag="020" ind1=" " ind2=" ">
   <subfield code="a">9789606033452</subfield>
  </datafield>
  <datafield tag="040" ind1=" " ind2=" ">
   <subfield code="a">GR-AtHEAL</subfield>
   <subfield code="b">gre</subfield>
   <subfield code="c">GR-AtHEAL</subfield>
  </datafield>
  <datafield tag="082" ind1="0" ind2="4">
   <subfield code="a">546</subfield>
   <subfield code="2">23</subfield>
  </datafield>
  <datafield tag="100" ind1="1" ind2=" ">
   <subfield code="a">Μπεάζη-Κατσιώτη, Μαργαρίτα.</subfield>
   <subfield code="8">2256</subfield>
  </datafield>
  <datafield tag="245" ind1="1" ind2="0">
   <subfield code="a">Ειδικά κεφαλαία ανόργανης χημείας</subfield>
   <subfield code="h">[Ηλεκτρονικός πόρος] </subfield>
   <subfield code="c">Μπεάζη-Κατσιώτη, Μαργαρίτα ; Κριτικός αναγνώστης,Όξενκιουν-Πετροπούλου, Μαρία ; Γλωσσική επιμέλεια,Όξενκιουν, Ελένη-Ελισσάβετ.</subfield>
  </datafield>
  <datafield tag="260" ind1=" " ind2=" ">
   <subfield code="a">Αθήνα :</subfield>
   <subfield code="b">Σύνδεσμος Ελληνικών Ακαδημαϊκών Βιβλιοθηκών,</subfield>
   <subfield code="c">c2015.</subfield>
  </datafield>
  <datafield tag="490" ind1=" " ind2=" ">
   <subfield code="a">Ακαδημαϊκά Ηλεκτρονικά Συγγράμματα και Βοηθήματα Κάλλιπος</subfield>
   <subfield code="8">40</subfield>
  </datafield>
  <datafield tag="505" ind1="0" ind2=" ">
   <subfield code="a">Δομή της Γης, κατανομή των χημκών στοιχείων στην γη, διαγράμματα φάσεων, χημικοί δεσμοί και χημεία ορυκτών. Κρυσταλλογραφία, ανάπτυξη κρυστάλλων, κρυσταλλικά συστήμτα και κρυσταλλικά πλέγματα, κρυσταλλική δομή, αταξίες κρυσταλλικής δομής, στερεά διαλύματα, διευθύνσεις και επίπεδα κρυστάλλων. Φυσικές ιδιότητες, μηχανικές, θερμικές, οπτικές, ηλεκτρικές, μαγνητικές των υλικών. Ορυκτά, πυριτικά και μη-πυριτικά ορυκτά, πετρώματα, φυσικομηχανικές ιδότητες των πετρωμάτων. Χαρτογράφηση ορυκτού πλούτου της Ελλάδας, χρήσεις των ορυκτών και των πετρωμάτων του Ελλαδικού χώρου. Νομικό πλαίσιο, εθνικό και Ευρωπαϊκό. Ορολογία. Βιβλιογραφία.</subfield>
  </datafield>
  <datafield tag="520" ind1=" " ind2=" ">
   <subfield code="a">Σε αυτό τον δύσκολο καιρό της Κρίσης (τόσο σε επίπεδο οικονομικό αλλά και σε αξιών/ηθικής), η Βιώσιμη Ανάπτυξη και η αξιοποίηση του Ελληνικού Ορυκτού Πλούτου είναι μία από τις σημαντικότερες προτεραιότητες για την Κοινωνία μας. Έχοντας τα παραπάνω υπόψιν, τα ελληνικά Βιομηχανικά Ορυκτά / Πετρώματα (Μπετονίτης, Χουντίτης, Χαλαζίας, Ζεόλιθος, Βωξίτης, Λατερίτες, Ελαφρόπετρα, Περλίτης, Λιγνίτης, Σφαλερίτης, Χαλκοπυρίτης, Γαληνίτης, Ασβεστόλιθος) και η αξιοποίηση αυτών λαμβάνει ιδιαίτερη βαρύτητα, υπό συγκεκριμένες προϋποθέσεις και μέτρα, όσον αφορά: Ι. την Νομοθεσία: α. Κώδικας Μεταλλευτικών και Λατομικών Έργων -ΚΜΛΕ, β. Σχέδιο Νόμου για Υδρογονάνθρακες, γ. Ένταξη Ελλάδας σε Ευρωπαϊκή Πρωτοβουλία για Πρώτες Ύλες (ευρωπαϊκή επιλογή 13 κρίσιμων ορυκτών: Sb, Be, Co, Ga, Ge, In, Mg, Nb, Ta, Sn, σπάνιες γαίες, φθορίτης, γραφίτης). ΙΙ. την χάραξη κατάλληλου αναπτυξιακού μοντέλου στην αξιοποίηση γεωθερμίας, μετάλλων, υδρογονανθράκων του υπεδάφους της χώρας για την έξοδο από την ύφεση. Οι παραπάνω Βασικοί Πυλώνες της Γνώσης και της Έρευνας μελετώνται στο παρόν σύγγραμμα υπό το πρίσμα των παρακάτω θεματικών περιοχών: - Προέλευση των στοιχείων. Κατανομή των στοιχείων στη Γη. - Μελέτη της δομής και των ιδιοτήτων των στοιχείων που απαντώνται στα βιομηχανικής σημασίας Ελληνικά ορυκτά. - Χημικοί δεσμοί. - Κρυσταλλική δομή. Ιδιότητες στερεών ενώσεων. - Αρχές κρυσταλλογραφίας. Ατέλειες δομής. - Συσχέτιση κρυσταλλικής και ηλεκτρονιακής δομής, με τις οπτικές, θερμικές, μηχανικές ιδιότητες, των ανοργάνων ενώσεων. - Σχηματισμός ορυκτών και πετρωμάτων. - Κατάταξη και Φυσικές/Μηχανικές ιδιότητες αυτών. - Βιομηχανικής σημασίας ορυκτά και πετρώματα. - Προσμίξεις στα ορυκτά. Δυνατότητες ποιοτικής αναβάθμισης. - Παράγοντες που επηρεάζουν την βιομηχανική σύνθεση με πρώτες ύλες ορυκτά και πετρώματα. - Βιομηχανικά ορυκτά – πετρώματα. - Μελέτη ορυκτών – πετρωμάτων μεγάλης βιομηχανικής σημασίας στον Ελλαδικό Χώρο. - Νομικό Πλαίσιο Προϊόντων Δομικών Κατασκευών – Οδηγίες – Πρότυπα – Σήμα CE.</subfield>
  </datafield>
  <datafield tag="650" ind1=" " ind2="0">
   <subfield code="a">Chemistry, inorganic</subfield>
   <subfield code="8">2431</subfield>
  </datafield>
  <datafield tag="653" ind1=" " ind2=" ">
   <subfield code="a">Νομοθεσία</subfield>
  </datafield>
  <datafield tag="653" ind1=" " ind2=" ">
   <subfield code="a">Βιώσιμη ανάπτυξη</subfield>
  </datafield>
  <datafield tag="653" ind1=" " ind2=" ">
   <subfield code="a">Αξιοποίηση ελληνικού ορυκτού πλούτου</subfield>
  </datafield>
  <datafield tag="653" ind1=" " ind2=" ">
   <subfield code="a">Στερεά διαλύματα</subfield>
  </datafield>
  <datafield tag="653" ind1=" " ind2=" ">
   <subfield code="a">Κρυσταλλικές ατέλειες</subfield>
  </datafield>
  <datafield tag="653" ind1=" " ind2=" ">
   <subfield code="a">Προσμείξεις στα ορυκτά</subfield>
  </datafield>
  <datafield tag="653" ind1=" " ind2=" ">
   <subfield code="a">Κατάταξη και ιδιότητες πετρωμάτων</subfield>
  </datafield>
  <datafield tag="653" ind1=" " ind2=" ">
   <subfield code="a">Σχηματισμός ορυκτών και πετρωμάτων</subfield>
  </datafield>
  <datafield tag="653" ind1=" " ind2=" ">
   <subfield code="a">Συσχέτιση κρυσταλλικής δομής με τις ιδιότητες των ανόργανων ενώσεων</subfield>
  </datafield>
  <datafield tag="653" ind1=" " ind2=" ">
   <subfield code="a">Αρχές κρυσταλλογραφίας</subfield>
  </datafield>
  <datafield tag="653" ind1=" " ind2=" ">
   <subfield code="a">Σχηματισμός των κυριότερων στοιχείων στη γη</subfield>
  </datafield>
  <datafield tag="653" ind1=" " ind2=" ">
   <subfield code="a">Κατανομή</subfield>
  </datafield>
  <datafield tag="653" ind1=" " ind2=" ">
   <subfield code="a">Προέλευση</subfield>
  </datafield>
  <datafield tag="653" ind1=" " ind2=" ">
   <subfield code="a">Τεχνολογία και επιστήμες μηχανικών</subfield>
   <subfield code="a">Τεχνολογία και μηχανική ορυχείων και μεταλλουργίας </subfield>
   <subfield code="a">Κοιτασματολογία/ορυκτολογία</subfield>
  </datafield>
  <datafield tag="653" ind1=" " ind2=" ">
   <subfield code="a">Επιστήμες της γης</subfield>
   <subfield code="a">Υλικά της γης</subfield>
  </datafield>
  <datafield tag="653" ind1=" " ind2=" ">
   <subfield code="a">Χημεία / Γενική χημεία</subfield>
   <subfield code="a">Ανόργανη χημεία</subfield>
   <subfield code="a">Δομή ανόργανων ενώσεων</subfield>
  </datafield>
  <datafield tag="653" ind1=" " ind2=" ">
   <subfield code="a">Φυσική</subfield>
   <subfield code="a">Γεωφυσική και φυσική περιβάλλοντος</subfield>
  </datafield>
  <datafield tag="700" ind1="1" ind2=" ">
   <subfield code="a">Όξενκιουν-Πετροπούλου, Μαρία</subfield>
   <subfield code="e">Κριτικός αναγνώστης</subfield>
   <subfield code="8">2257</subfield>
  </datafield>
  <datafield tag="856" ind1="4" ind2="0">
   <subfield code="u">http://hdl.handle.net/11419/3472</subfield>
   <subfield code="z">Πλήρες Κείμενο - Full text</subfield>
  </datafield>
  <datafield tag="907" ind1=" " ind2=" ">
   <subfield code="a">.b25678632</subfield>
   <subfield code="b">12-06-18</subfield>
   <subfield code="c">29-07-16</subfield>
  </datafield>
  <datafield tag="949" ind1=" " ind2=" ">
   <subfield code="0">0</subfield>
   <subfield code="1">0</subfield>
   <subfield code="2">ddc</subfield>
   <subfield code="4">0</subfield>
   <subfield code="6">546_000000000000000_ΜΠΕ</subfield>
   <subfield code="7">0</subfield>
   <subfield code="8">KALL</subfield>
   <subfield code="8">622</subfield>
   <subfield code="d">2016-04-13</subfield>
   <subfield code="r">2016-04-13</subfield>
   <subfield code="w">2016-04-13</subfield>
   <subfield code="z">546 ΜΠΕ</subfield>
   <subfield code="o">SEAB KALLIPOS</subfield>
  </datafield>
  <datafield tag="998" ind1=" " ind2=" ">
   <subfield code="a">80</subfield>
   <subfield code="a">01</subfield>
   <subfield code="a">02</subfield>
   <subfield code="a">03</subfield>
   <subfield code="a">04</subfield>
   <subfield code="a">05</subfield>
   <subfield code="a">06</subfield>
   <subfield code="a">07</subfield>
   <subfield code="a">08</subfield>
   <subfield code="a">09</subfield>
   <subfield code="a">10</subfield>
   <subfield code="a">11</subfield>
   <subfield code="a">12</subfield>
   <subfield code="a">13</subfield>
   <subfield code="a">14</subfield>
   <subfield code="a">15</subfield>
   <subfield code="a">16</subfield>
   <subfield code="a">17</subfield>
   <subfield code="a">18</subfield>
   <subfield code="a">19</subfield>
   <subfield code="a">20</subfield>
   <subfield code="a">21</subfield>
   <subfield code="a">22</subfield>
   <subfield code="a">23</subfield>
   <subfield code="a">24</subfield>
   <subfield code="a">25</subfield>
   <subfield code="a">26</subfield>
   <subfield code="b">10-05-17</subfield>
   <subfield code="c">m</subfield>
   <subfield code="d">z  </subfield>
   <subfield code="e">-</subfield>
   <subfield code="f">gre</subfield>
   <subfield code="g">gr </subfield>
   <subfield code="h">0</subfield>
  </datafield>
  <datafield tag="942" ind1=" " ind2=" ">
   <subfield code="2">ddc</subfield>
   <subfield code="c">KALLIPOS</subfield>
  </datafield>
 </record>
</collection>
